Online
Catalog
Normal view MARC view

Entry Nombre de reunión

Number of records used in: 1

001 - NÚMERO DE CONTROL

  • campo de control: 83904

003 - IDENTIFICADOR DEL NÚMERO DE CONTROL

  • campo de control: DO-SdBNP

005 - FECHA Y HORA DE LA ÚLTIMA TRANSACCIÓN

  • campo de control: 20230808145620.0

008 - DATOS DE LONGITUD FIJA

  • campo de control de longitud fija: 230808|| aca||aabn | a|a d

040 ## - FUENTE DE LA CATALOGACIÓN

  • Centro catalogador/agencia de origen: DO-SdBNP
  • Centro/agencia transcriptor: DO-SdBNP

111 ## - ENCABEZAMIENTO--NOMBRE DE CONGRESO/REUNIÓN

  • Nombre de congreso/reunión o jurisdicción como elemento de entrada: Muestra de Cine Medioambiental Dominicana:
  • Número del congreso/reunión o número de parte o sección: (2º:
  • Fecha del congreso/reunión: 2012:
  • Sede del congreso/Lugar de la reunión: Santo Domingo)

670 ## - FUENTE DE DATOS ENCONTRADOS

  • Cita de la fuente: Work cat.: (DO-SdBNP)54351: Muestra de Cine Medioambiental Dominicana: (2º: 2012: Santo Domingo), II Muestra de Cine Medioambiental Dominicana:

Powered by Koha